| 000 | 00534nam a2200193Ia 4500 | ||
|---|---|---|---|
| 003 | GCL | ||
| 008 | 140319s9999 xx 000 0 ara d | ||
| 040 |
_aGCL / _cGCL |
||
| 082 | 0 | 4 |
_a631.7 _bم ا |
| 100 | 1 | _aمحمود حسان عبدالعزيز | |
| 245 | 1 | 0 |
_aاساسيات هندسة الرى والصرف / _cمحمود حسان عبدالعزيز |
| 300 | _a242 ص | ||
| 490 | _a | ||
| 650 | 0 | 4 | _aالزراعة |
| 650 | 0 | 4 | _aالصرف |
| 650 | 0 | 4 | _aالرى |
| 650 | 0 | 4 | _aالارض الزراعية |
| 942 |
_2ddc _cBK |
||
| 999 |
_c41845 _d41845 |
||